000
00298nam a22001217a 4500
008
170529b xxu||||| |||| 00| 0 eng d
041
_a
GER
080
_a
621
100
_a
27
101
_a
IM
245
_a
AUTOMATISCHE REGELSYSTEM MIT VERADERLICHER STRUCTUR
_c
EMELJANOV.S.V
942
_2
udc
_c
BK
999
_c
14789
_d
14789